| 000 | 01311nam a2200349 c 4500 | ||
|---|---|---|---|
| 999 |
_c170358 _d170358 |
||
| 003 | BLK | ||
| 005 | 20240513153155.0 | ||
| 008 | 180411b bul|||||r ||||||| ||bul|| | ||
| 010 | _aKNG00178493000 | ||
| 020 | _a978-954-27-1475-0 | ||
| 040 | _aBLK | ||
| 041 |
_aBUL _cBUL |
||
| 080 |
_aАмериканска литература (на САЩ) _b821.111(73) _x-993 _z821.111(73)-993 |
||
| 100 | 1 |
_aТод, Анна _eпърви автор _9338082 |
|
| 139 |
_aТод, Анна _bТ 63 |
||
| 245 | 1 | 0 |
_aСлед щастливия край : Кн. 4 _bРоман _cАнна Тод; прев. от англ. Гергана Дечева. |
| 257 | _aUSA | ||
| 260 |
_bЕгмонт България _c2015 |
||
| 300 |
_a456 с. _c19 см |
||
| 380 | _aX | ||
| 490 | 1 | _aУо : Книги за любов. Без предразсъдъци)(Съвременна романтика | |
| 500 | _aОриг. загл. After Ever Happy / Anna Todd. | ||
| 653 | _aромани | ||
| 700 | 1 |
_aДечева, Гергана _eпрев. от англ. _9378634 |
|
| 852 | _aЦб 274827 | ||
| 856 | 4 | _qpdf | |
| 856 | 4 | _qpdf | |
| 942 |
_cKNG _n0 _054 |
||
| 944 |
_aCR _c20.07.2015 _lМинев Младен _k30530 |
||
| 944 |
_aED _c17.05.2017 _lф / _kВиолета_Тройчева |
||
| 999 | _d170358 | ||